000 00305nam a2200121 i 4500
001 bg
245 0 _aXX Międzyuczelniana konferencja metrologów :
_bmateriały konferencyjne.
260 _aSzczecin,
_c1988.
040 _cBPK
041 _apol
942 _cKS
008 s pl f |000 0 pol
999 _c29004
_d29004
856 _uhttp://koha.tu.koszalin.pl/cgi-bin/koha/opac-detail.pl?biblionumber=29004
_yKatalog online BPK